NBA Retired Jerseys Quiz - Statistics

General Stats
  • This quiz has been taken 1,713 times
  • The average score is 18 of 30
Answer Stats
Team Number Player % Correct
CELTICS 33 Larry Bird
94%
BOSTON 6 Bill Russell
91%
BULLS 23 Michael Jordan
89%
HAWKS 21 Dominique Wilkins
88%
LAKERS 32 Earvin Johnson
78%
PISTONS 11 Isiah Thomas
76%
MILWAUKEE 33 Kareem Abdul-Jabbar
74%
NEW YORK 33 Patrick Ewing
73%
PACERS 31 Reggie Miller
73%
HOUSTON 34 Hakeem Olajuwon
71%
JAZZ 32 Karl Malone
70%
SPURS 50 David Robinson
69%
SAN FRANCISCO 13 Wilt Chamberlain
69%
BLAZERS 22 Clyde Drexler
67%
LAKERS 44 Jerry West
67%
NETS 32 Julius Erving
65%
HEAT 33 Alonzo Mourning
63%
SUNS 34 Charles Barkley
63%
PISTONS 4 Joe Dumars
57%
NUGGETS 2 Alex English
56%
CAVS 25 Mark Price
56%
WARRIORS 17 Chris Mullin
52%
blazers 32 Bill Walton
51%
bullets 41 Wes Unseld
49%
KINGS 4 Chris Webber
45%
SIXERS 2 Moses Malone
45%
NEW YORK 19 Willis Reed
44%
Chicago 4 Jerry Sloan
22%
SIXERS 15 Hal Greer
18%
MAGIC 6 The Fans
8%
No matching quizzes found
Score Distribution
Percent of People with Each Score
Percentile by Number Answered
Your Score History
You have not taken this quiz